000 00354 a2200109 4500
001 ART_55548
005 20260410161947.0
008 260409a
245 1 0 _aDe la vulnerabilidad laboral a la vulnerabilidad en la seguridad social
100 1 _aCarnota, Walter F.
773 0 _tTemas de derecho laboral
_g- N° 4 (abr. 2022)
_wREV27619
999 _c30005
_d30005